00667nam a2200217Ia 4500003000400000005001700004008004100021020001800062040001800080041000800098082001900106100001800125245007600143250001200219260005600231300002900287650002500316650005500341650003400396700001900430OSt20260311153426.0210716s2010 xx 000 0 und d a9788122414332 cAIMIT LIBRARY aeng a511.221bSRIG aSrinivasa, G. aBusiness mathematics and statistics /cBy G Srinivasa and Deepa George. a1st ed. aNew Delhi :bNew Age International Pvt Ltd ,c2010. axiv,520p. ;bPBc24.5 cm aBusiness mathematics aDiagramatical and graphical representation of data aMeasures of central tendency. aGeorge, Deepa.